The heratige Illustrated Dictionary of the English language

Salvato in:
Dettagli Bibliografici
Natura: Libro
Lingua:inglese
Pubblicazione: New York : McGraw - Hill Book Company, 1973
Tags: Aggiungi Tag
Nessun Tag, puoi essere il primo ad aggiungerne!!

MARC

LEADER 00000nam a22000003a 4500
001 stu195483
005 20141123042651.6
008 091104s1973----xxu-----------------eng-d
040 |a STU  |b slo 
041 0 |a eng 
044 |a xxu 
080 |a 410/038/ 
245 |a The heratige Illustrated Dictionary of the English language 
260 |a New York :  |b McGraw - Hill Book Company,  |c 1973 
300 |a 1550 s 
996 |c V*9555/O-1911  |l VV9  |s P  |a 0  |w stu195483_0001